Englanti 4. luokka kpl 12 sanat - Statistics

Yleistilastot
  • Tätä visaa on pelattu 120 kertaa
  • Keskiarvotulos 19 / 35
Vastaustilastot
Hint Vastaus % Oikein
pysähtyä stop
97%
tuhat a thousand
88%
dollari a dollar
80%
kieli a language
77%
osata, voida can
76%
ymmärtää understand
76%
amerikkalainen American
74%
kuinka paljon how much
74%
opas a guide
70%
pitkä long
70%
noin about
69%
korvakorut earrings
68%
englanniksi in English
68%
tietysti of course
68%
Kuunnelkaa minua Listen to me
67%
monia many
67%
fantastista fantastic
65%
tehdä make
63%
syvä deep
58%
Grand Canyon The Grand Canyon
58%
käsin by hand
52%
hämmästyttävä amazing
51%
miljardi a billion
50%
leveä wide
44%
millions miljoonia
34%
punnissa in pounds
33%
rannekoru a bracelet
32%
korut jewellery
31%
satoja hundreds of
29%
lähes nearly
28%
kilometri a kilometre
25%
katsoa look at
22%
aivan absolutely
6%
puistonvartija a park ranger
5%
mahtavaa fabulous
0%
Ehtoja vastaavia visoja ei löytynyt
Tulosjakauma
Jokaisen tuloksen saaneiden osuus
Persentiili vastausten määrän mukaan
Tuloshistoriasi
Et ole pelannut tätä visaa